000 00293nam a2200145Ia 4500
100 _aMorgan Gareth
942 _cBK
654 _aPhysics
245 _aImaginization
260 _bResponse/Sage
_aNONE
_c1997
082 _a658.4063
_bMOR
300 _a347
546 _aENGLISH
999 _c29570
_d29570